<?xml version="1.0" encoding="UTF-8"?>
<record
    xmlns:xsi="http://www.w3.org/2001/XMLSchema-instance"
    xsi:schemaLocation="http://www.loc.gov/MARC21/slim http://www.loc.gov/standards/marcxml/schema/MARC21slim.xsd"
    xmlns="http://www.loc.gov/MARC21/slim">

  <leader>02722nam a2200289Ia 4500</leader>
  <controlfield tag="005">20250223033104.0</controlfield>
  <controlfield tag="008">  231030s9999    xx            000 0 und d</controlfield>
  <datafield tag="049" ind1=" " ind2=" ">
    <subfield code="a">&#x625;&#x64A;&#x62F;&#x627;&#x639;</subfield>
  </datafield>
  <datafield tag="082" ind1=" " ind2=" ">
    <subfield code="a">320</subfield>
  </datafield>
  <datafield tag="097" ind1=" " ind2=" ">
    <subfield code="a">Ph.D</subfield>
  </datafield>
  <datafield tag="099" ind1=" " ind2=" ">
    <subfield code="a">Cai01.03.04.Ph.D.2023.&#x625;&#x646;.&#x631;</subfield>
  </datafield>
  <datafield tag="100" ind1=" " ind2=" ">
    <subfield code="a">&#x625;&#x646;&#x62C;&#x649; &#x648;&#x62D;&#x64A;&#x62F; &#x641;&#x62E;&#x631;&#x649; &#x627;&#x644;&#x623;&#x642;&#x635;&#x631;&#x649;&#x60C;</subfield>
  </datafield>
  <datafield tag="245" ind1=" " ind2=" ">
    <subfield code="a">&#x631;&#x624;&#x649; &#x627;&#x644;&#x62A;&#x64A;&#x627;&#x631;&#x627;&#x62A; &#x627;&#x644;&#x641;&#x643;&#x631;&#x64A;&#x629; &#x641;&#x64A; &#x625;&#x633;&#x631;&#x627;&#x626;&#x64A;&#x644; &#x644;&#x642;&#x636;&#x64A;&#x629; &#x64A;&#x647;&#x648;&#x62F;&#x64A;&#x629; &#x627;&#x644;&#x62F;&#x648;&#x644;&#x629;.</subfield>
    <subfield code="c">&#x625;&#x639;&#x62F;&#x627;&#x62F; &#x625;&#x646;&#x62C;&#x649; &#x648;&#x62D;&#x64A;&#x62F; &#x641;&#x62E;&#x631;&#x649; &#x627;&#x644;&#x623;&#x642;&#x635;&#x631;&#x649; &#x61B; &#x625;&#x634;&#x631;&#x627;&#x641; &#x645;&#x627;&#x62C;&#x62F;&#x629; &#x639;&#x644;&#x649; &#x635;&#x627;&#x644;&#x62D;.</subfield>
  </datafield>
  <datafield tag="246" ind1=" " ind2=" ">
    <subfield code="a">Israel&#x2019;s intellectual currents visions of the jewish state cause.</subfield>
  </datafield>
  <datafield tag="260" ind1=" " ind2=" ">
    <subfield code="c">2023.</subfield>
  </datafield>
  <datafield tag="502" ind1=" " ind2=" ">
    <subfield code="a">&#x623;&#x637;&#x631;&#x648;&#x62D;&#x629; (&#x62F;&#x643;&#x62A;&#x648;&#x627;&#x631;&#x647;)-&#x62C;&#x627;&#x645;&#x639;&#x629; &#x627;&#x644;&#x642;&#x627;&#x647;&#x631;&#x629;&#x60C; 2023.</subfield>
  </datafield>
  <datafield tag="504" ind1=" " ind2=" ">
    <subfield code="a">&#x628;&#x628;&#x644;&#x64A;&#x648;&#x62C;&#x631;&#x627;&#x641;&#x64A;&#x627;: &#x635;. 216-248.</subfield>
  </datafield>
  <datafield tag="520" ind1=" " ind2=" ">
    <subfield code="a">&#x633;&#x639;&#x62A; &#x627;&#x644;&#x62F;&#x631;&#x627;&#x633;&#x629; &#x625;&#x644;&#x649; &#x628;&#x64A;&#x627;&#x646; &#x631;&#x624;&#x649; &#x643;&#x644;&#x627; &#x645;&#x646; &#x62A;&#x64A;&#x627;&#x631; &#x627;&#x644;&#x635;&#x647;&#x64A;&#x648;&#x646;&#x64A;&#x629; &#x627;&#x644;&#x62C;&#x62F;&#x64A;&#x62F;&#x629; &#x648;&#x645;&#x627; &#x628;&#x639;&#x62F; &#x627;&#x644;&#x635;&#x647;&#x64A;&#x648;&#x646;&#x64A;&#x629; &#x648;&#x627;&#x644;&#x641;&#x644;&#x633;&#x637;&#x64A;&#x646;&#x64A;&#x64A;&#x646; &#x628;&#x627;&#x644;&#x62F;&#x627;&#x62E;&#x644; &#x627;&#x644;&#x625;&#x633;&#x631;&#x627;&#x626;&#x64A;&#x644;&#x64A; &#x62A;&#x62C;&#x627;&#x647; &#x642;&#x636;&#x64A;&#x629; &#x64A;&#x647;&#x648;&#x62F;&#x64A;&#x629; &#x627;&#x644;&#x62F;&#x648;&#x644;&#x629;&#x60C; &#x623;&#x645;&#x627; &#x627;&#x644;&#x62A;&#x64A;&#x627;&#x631; &#x627;&#x644;&#x623;&#x648;&#x644; &#x641;&#x647;&#x648; &#x62A;&#x64A;&#x627;&#x631; &#x627;&#x644;&#x635;&#x647;&#x64A;&#x648;&#x646;&#x64A;&#x629; &#x627;&#x644;&#x62C;&#x62F;&#x64A;&#x62F;&#x629; &#x648;&#x627;&#x644;&#x630;&#x64A; &#x64A;&#x648;&#x635;&#x641; &#x628;&#x643;&#x648;&#x646;&#x647; &#x62A;&#x64A;&#x627;&#x631; &#x623;&#x635;&#x648;&#x644;&#x64A; &#x62F;&#x64A;&#x646;&#x64A; &#x645;&#x62A;&#x634;&#x62F;&#x62F; &#x64A;&#x633;&#x639;&#x649; &#x625;&#x644;&#x649; &#x62A;&#x647;&#x648;&#x64A;&#x62F; &#x627;&#x644;&#x62F;&#x648;&#x644;&#x629; &#x627;&#x644;&#x625;&#x633;&#x631;&#x627;&#x626;&#x64A;&#x644;&#x64A;&#x629;&#x60C; &#x628;&#x64A;&#x646;&#x645;&#x627; &#x627;&#x644;&#x62A;&#x64A;&#x627;&#x631; &#x627;&#x644;&#x62B;&#x627;&#x646;&#x64A; &#x641;&#x647;&#x648; &#x62A;&#x64A;&#x627;&#x631; &#x645;&#x627; &#x628;&#x639;&#x62F; &#x627;&#x644;&#x635;&#x647;&#x64A;&#x648;&#x646;&#x64A;&#x629; &#x648;&#x647;&#x648; &#x62A;&#x64A;&#x627;&#x631; &#x623;&#x643;&#x627;&#x62F;&#x64A;&#x645;&#x64A; &#x64A;&#x633;&#x639;&#x649; &#x625;&#x644;&#x649; &#x623;&#x646; &#x62A;&#x643;&#x648;&#x646; &#x625;&#x633;&#x631;&#x627;&#x626;&#x64A;&#x644; &#x62F;&#x648;&#x644;&#x629; &#x62F;&#x64A;&#x645;&#x642;&#x631;&#x627;&#x637;&#x64A;&#x629; &#x639;&#x644;&#x645;&#x627;&#x646;&#x64A;&#x629; &#x644;&#x62C;&#x645;&#x64A;&#x639; &#x645;&#x648;&#x627;&#x637;&#x646;&#x64A;&#x647;&#x627; &#x645;&#x646; &#x627;&#x644;&#x64A;&#x647;&#x648;&#x62F; &#x648;&#x627;&#x644;&#x641;&#x644;&#x633;&#x637;&#x64A;&#x646;&#x64A;&#x64A;&#x646;&#x60C; &#x628;&#x64A;&#x646;&#x645;&#x627; &#x627;&#x644;&#x62A;&#x64A;&#x627;&#x631; &#x627;&#x644;&#x62B;&#x627;&#x644;&#x62B; &#x641;&#x647;&#x648; &#x62A;&#x64A;&#x627;&#x631; &#x627;&#x644;&#x641;&#x644;&#x633;&#x637;&#x64A;&#x646;&#x64A;&#x64A;&#x646; &#x628;&#x627;&#x644;&#x62F;&#x627;&#x62E;&#x644; &#x627;&#x644;&#x627;&#x633;&#x631;&#x627;&#x626;&#x64A;&#x644;&#x64A; &#x648;&#x627;&#x644;&#x630;&#x64A; &#x642;&#x62F;&#x645; &#x627;&#x644;&#x639;&#x62F;&#x64A;&#x62F; &#x645;&#x646; &#x627;&#x644;&#x631;&#x624;&#x649; &#x645;&#x646; &#x628;&#x64A;&#x646;&#x647;&#x627; &#x631;&#x624;&#x64A;&#x629; &#x644;&#x62C;&#x639;&#x644; &#x627;&#x644;&#x62F;&#x648;&#x644;&#x629; &#x627;&#x644;&#x625;&#x633;&#x631;&#x627;&#x626;&#x64A;&#x644;&#x64A;&#x629; &#x62F;&#x64A;&#x645;&#x642;&#x631;&#x627;&#x637;&#x64A;&#x629; &#x62E;&#x627;&#x644;&#x635;&#x629; &#x64A;&#x639;&#x64A;&#x634; &#x641;&#x64A;&#x647;&#x627; &#x627;&#x644;&#x641;&#x644;&#x633;&#x637;&#x64A;&#x646;&#x64A;&#x64A;&#x646; &#x62C;&#x646;&#x628;&#x64B;&#x627; &#x625;&#x644;&#x649; &#x62C;&#x646;&#x628; &#x645;&#x639; &#x627;&#x644;&#x64A;&#x647;&#x648;&#x62F;&#x60C; &#x648;&#x642;&#x62F; &#x62A;&#x648;&#x635;&#x644;&#x62A; &#x627;&#x644;&#x62F;&#x631;&#x627;&#x633;&#x629; &#x639;&#x62F;&#x629; &#x646;&#x62A;&#x627;&#x626;&#x62C; &#x623;&#x647;&#x645;&#x647;&#x627; &#x648;&#x62C;&#x648;&#x62F; &#x639;&#x644;&#x627;&#x642;&#x629; &#x62A;&#x628;&#x627;&#x62F;&#x644;&#x64A;&#x629; &#x628;&#x64A;&#x646; &#x642;&#x636;&#x64A;&#x629; &#x201D;&#x64A;&#x647;&#x648;&#x62F;&#x64A;&#x629; &#x627;&#x644;&#x62F;&#x648;&#x644;&#x629;&#x201D; &#x648;&#x201D;&#x627;&#x644;&#x647;&#x648;&#x64A;&#x629;&#x201D; &#x641;&#x64A; &#x625;&#x633;&#x631;&#x627;&#x626;&#x64A;&#x644;&#x60C; &#x628;&#x645;&#x639;&#x646;&#x649; &#x623;&#x646; &#x623;&#x632;&#x645;&#x629; &#x627;&#x644;&#x647;&#x648;&#x64A;&#x629; &#x641;&#x64A; &#x627;&#x644;&#x645;&#x62C;&#x62A;&#x645;&#x639; &#x627;&#x644;&#x625;&#x633;&#x631;&#x627;&#x626;&#x64A;&#x644;&#x64A; &#x642;&#x62F; &#x623;&#x62B;&#x631;&#x62A; &#x639;&#x644;&#x649; &#x646;&#x645;&#x648; &#x627;&#x644;&#x623;&#x641;&#x643;&#x627;&#x631; &#x648;&#x627;&#x644;&#x645;&#x639;&#x62A;&#x642;&#x62F;&#x627;&#x62A; &#x627;&#x644;&#x62F;&#x627;&#x639;&#x64A;&#x629; &#x644;&#x62A;&#x647;&#x648;&#x64A;&#x62F; &#x627;&#x644;&#x62F;&#x648;&#x644;&#x629; &#x627;&#x644;&#x625;&#x633;&#x631;&#x627;&#x626;&#x64A;&#x644;&#x64A;&#x629; &#x648;&#x623;&#x646; &#x627;&#x64A;&#x62F;&#x64A;&#x648;&#x644;&#x648;&#x62C;&#x64A;&#x629; &#x627;&#x644;&#x62A;&#x647;&#x648;&#x64A;&#x62F; &#x627;&#x62B;&#x631;&#x62A; &#x641;&#x64A; &#x646;&#x645;&#x648; &#x627;&#x644;&#x627;&#x641;&#x643;&#x627;&#x631; &#x627;&#x644;&#x62F;&#x627;&#x639;&#x64A;&#x629; &#x644;&#x644;&#x62F;&#x64A;&#x645;&#x642;&#x631;&#x627;&#x637;&#x64A;&#x629; &#x639;&#x644;&#x649; &#x623;&#x633;&#x627;&#x633; &#x627;&#x644;&#x645;&#x633;&#x627;&#x648;&#x627;&#x629; &#x641;&#x64A; &#x627;&#x644;&#x645;&#x648;&#x627;&#x637;&#x646;&#x629;.</subfield>
  </datafield>
  <datafield tag="653" ind1=" " ind2=" ">
    <subfield code="a">&#x627;&#x644;&#x641;&#x643;&#x631;&#x64A;&#x629; &#x627;&#x644;&#x625;&#x633;&#x631;&#x627;&#x626;&#x64A;&#x644;&#x64A;&#x629;</subfield>
  </datafield>
  <datafield tag="700" ind1=" " ind2=" ">
    <subfield code="a">&#x645;&#x627;&#x62C;&#x62F;&#x629; &#x639;&#x644;&#x649; &#x635;&#x627;&#x644;&#x62D;</subfield>
  </datafield>
  <datafield tag="856" ind1=" " ind2=" ">
    <subfield code="u">http://172.23.153.220/th.pdf</subfield>
  </datafield>
  <datafield tag="905" ind1=" " ind2=" ">
    <subfield code="a">Mohamady</subfield>
  </datafield>
  <datafield tag="942" ind1=" " ind2=" ">
    <subfield code="c">TH</subfield>
    <subfield code="2">ddc</subfield>
  </datafield>
  <datafield tag="999" ind1=" " ind2=" ">
    <subfield code="c">163435</subfield>
    <subfield code="d">163435</subfield>
  </datafield>
  <datafield tag="336" ind1=" " ind2=" ">
    <subfield code="2">rda content</subfield>
    <subfield code="a">text</subfield>
  </datafield>
  <datafield tag="337" ind1=" " ind2=" ">
    <subfield code="2">rdamedia</subfield>
    <subfield code="a">Unmediated</subfield>
  </datafield>
  <datafield tag="338" ind1=" " ind2=" ">
    <subfield code="2">rdacarrier</subfield>
    <subfield code="a">volume</subfield>
  </datafield>
  <datafield tag="952" ind1=" " ind2=" ">
    <subfield code="2">ddc</subfield>
    <subfield code="7">0</subfield>
    <subfield code="a">CUCL</subfield>
    <subfield code="b">cl210</subfield>
    <subfield code="d">2024-02-11</subfield>
    <subfield code="o">Cai01.03.04.Ph.D.2023.&#x625;&#x646;.&#x631;</subfield>
    <subfield code="p">01010100030507000</subfield>
    <subfield code="r">2023-10-30 00:00:00</subfield>
    <subfield code="y">TH</subfield>
  </datafield>
</record>
